Statistiken für RB Leipzig Kader 23/24

Klicken Sie hier um das Quiz zu spielen!

Allgemein

  • Dieses Quiz wurde 14 mal gespielt
  • Das Durchschnittsergebnis liegt bei 13 aus 24

Antwortstatistiken

Trikot #NationSpieler% Korrekt
2FrankreichMohamed Simakan
92%
30SlowenienBenjamin Sesko
85%
21DeutschlandJanis Blaswich
85%
20NiederlandeXavi Simons
85%
9DänemarkYussuf Poulsen
85%
39DeustchlandBanjamin Henrichs
77%
7SpanienDani Olmo
77%
17BelgienLoïs Openda
77%
8MaliAmadou Haidara
69%
23FrankreichCastello Lukeba
69%
14ÖsterreichChristoph Baumgartner
69%
6NordmazedonienEljif Elmas
69%
44SlowenienKevin Kampl
69%
16DeutschlandLukas Klostermann
69%
24ÖsterreichXaver Schlager
69%
22DeustchlandDavid Raum
62%
13ÖsterreichNicolas Seiwald
46%
5FrankreichEl Chadaille Bitshiabu
38%
25DeutschlandLeopold Zingerle
23%
3DeutschlandChristopher Lenz
15%
36DeutschlandTimo Schlieck
8%
1UngarnPéter Gulácsi
0%
31DeutschlandTim Köhler
0%
4UngarnWilli Orbán
0%

Verteilung der Resultate

Perzentil nach korrekt beantworteten Fragen

Anzahl Personen mit jedem Resultat

Ihre Resultats-Entwicklung

Sie haben dieses Quiz noch nicht gespielt